Name a Valid - SPFL edition - Statistics

General Stats
  • This quiz has been taken 18 times
    17 since last reset
  • The average score is 11 of 14
Answer Stats
Name a Valid Answer % Correct
Top 6 Club Celtic | Falkirk | Hearts | Hibs | Motherwell | Rangers
100%
Bottom 6 Club Aberdeen | Dundee | Dundee United | Kilmarnock | Livingston | St Mirren
93%
Manager who lost their job (sacked or resigned) Russel Martin | Brendan Rodgers | Stuart Kettlewell | Wilfried Nancy | Jimmy Thelin | Marvin Bartley
93%
Manager who has been at his club all season Derek Mcinnes | David Gray | John McGlynn | Jim Goodwin | Steven Pressley | Jens Berthel Askou
86%
Portuguese Player Youssef Chermiti | Claudio Braga | Jota | Paulo Bernardo
86%
Players worth 10 million or more Arne Engels | Mikey Moore | Daizen Maeda | Nico Raskin | Julian Araujo | Reo Hatate | Benjamin Nygren | Cameron Carter-Vickers
79%
Player of the Month Winner Ivan Dolcek | Lawrence Shankland | Claudio Braga | Tawanda Maswanhise | Elliot Watt | Youssef Chermiti | Barney Stewart | Will Ferry
79%
Scottish Goalkeeper Liam Kelly | Jon McCracken | Ross Doohan | Jamie Seddon | Nicky Horgath | Ross Sinclair | Scott Bain | Jack Hamilton | Craig Gordon | Ryan Fulton | Ryan Mullen
79%
Referee thats took charge of 10+ games Nick Walsh | Steven Mclean | John Beaton | Don Robertson | David Dickinson | Matthew MacDermid | Duncan Nicolson | Ross Hardie | Calum Scott | Ryan Lee | Kevin Clancy
79%
Team that Rangers or Celtic faced in Europe this Season Panathanikos | Victoria Plzen | Club Brugge | Kairat | Genk | Red Star | Sturm Graz | Braga | SK Brann | Midtijlland | Roma | Feyenoord | Fenercvaros | Bologna | Ludogorets | Utrecht | Porto | Stuttgart
79%
Australian Player Cammy Devlin | Calen Nieuwenhof | Keanu Baccus | Ante Suto | Zach Sapsford | Nicolas Milanovic | Ryan Strain | Martin Boyle | John Koutroumbis | Oscar Priestman | Ashley Maynard-Brewer | Jack Iredale | Ryan McGowan
64%
Team that Aberdeen faced in Europe this season FCSB | Shaktar Donesk | AEK Athens | AEK Larnaca | Noah | Strasbourg | Sparta Prague
57%
Outfield player over 34 years old Johnny Russell | Paul Mcginn | Brian Graham | Andrew Shinnie | Ryan McGowan | Scott Arfield | Jeremy Bokila | Marley Watkins | James Tavernier
50%
Player in the team of the week for Matchday 1 Shamal George | Emmanuel Longelo | Liam Scales | Craig Halkett | Stuart Findlay | Alistair Johnston | Elliot Watt | Cammy Devlin | Panutche Camara | Daizen Maeda | Kieran Bowie
50%
No matching quizzes found
Score Distribution
Percent of People with Each Score
Percentile by Number Answered
Your Score History
You have not taken this quiz since the last reset